La Celestina : (Record no. 163872)
[ view plain ]
| 000 -LEADER | |
|---|---|
| campo de control de longitud fija | 01413nam a2200253 i 4500 |
| 001 - NÚMERO DE CONTROL | |
| campo de control | 163872 |
| 003 - IDENTIFICADOR DE NÚMERO DE CONTROL | |
| campo de control | ES-MaACL |
| 005 - FECHA Y HORA DE LA ÚLTIMA TRANSACCIÓN | |
| campo de control | 20251116063111.0 |
| 008 - DATOS DE LONGITUD FIJA--INFORMACIÓN GENERAL | |
| campo de control de longitud fija | 950206s1883 sp a |||| | spa d |
| 080 ## - NÚMERO DE LA CLASIFICACIÓN DECIMAL UNIVERSAL | |
| Número de la Clasificación Decimal Universal | 821.134.2-21"15" |
| 100 1# - ENTRADA PRINCIPAL--NOMBRE DE PERSONA | |
| Nombre de persona | Rojas, Fernando de, |
| Fechas asociadas al nombre | ca. 1470-1541 |
| 9 (RLIN) | 99042 |
| 240 13 - TÍTULO UNIFORME | |
| Título uniforme | La Celestina |
| 245 13 - MENCIÓN DEL TÍTULO | |
| Título | La Celestina : |
| Resto del título | tragi-comedia de Calisto y Melibea : en la cual se contienen, demás de su agradable y dulce estilo, muchas sentencias filosofales, avisos muy necesarios para mancebos, mostrándoles los engaños que están encerrados en sirvientes y alcahuetas : obra famosísima / |
| Mención de responsabilidad, etc. | escrita por Rodrigo de Cota ; atribuida también a Juan de Mena y su conclusión a Fernando de Rojas. |
| 260 ## - PUBLICACIÓN, DISTRIBUCIÓN, ETC. | |
| Lugar de publicación, distribución, etc. | Barcelona : |
| Nombre del editor, distribuidor, etc. | [s.n.], |
| Fecha de publicación, distribución, etc. | 1883 ( |
| Fabricante | Imp. y Lit. de los Sucesores de N. Ramírez y Cª) |
| 300 ## - DESCRIPCIÓN FÍSICA | |
| Extensión | XV, 16-316 p. : |
| Otras características físicas | il. ; |
| Dimensiones | 21 cm. |
| 490 1# - MENCIÓN DE SERIE | |
| Mención de serie | Biblioteca amena e instructiva |
| 530 ## - NOTA DISPONIBLE DE FORMULARIO FÍSICO ADICIONAL | |
| Nota de formato físico adicional disponible | Disponible en formato digital. |
| 700 1# - ENTRADA AGREGADA--NOMBRE PERSONAL | |
| Nombre de persona | Cota, Rodrigo, |
| Fechas asociadas al nombre | ca. 1450-ca. 1504 |
| 9 (RLIN) | 41158 |
| 700 1# - ENTRADA AGREGADA--NOMBRE PERSONAL | |
| Nombre de persona | Mena, Juan de, |
| Fechas asociadas al nombre | 1411-1456 |
| 9 (RLIN) | 80047 |
| 830 1# - PUNTO DE ACCESO ADICIONAL DE SERIE-TÍTULO UNIFORME | |
| Título uniforme | Biblioteca amena e instructiva |
| 9 (RLIN) | 188100 |
| 852 ## - LOCALIZACIÓN | |
| Ubicación | ES-MaACL |
| Número de control de estantería | D-4134 |
| Nota libre | - Enc. ed. en tela azul, con planchas polícromas y cortes decorados |
| -- | - Legado de Modesto de La Fuente |
| 856 ## - LOCALIZACIÓN Y ACCESO ELECTRÓNICOS | |
| Identificador Uniforme de Recursos | <a href="https://bibliotecadigital.jcyl.es/es/consulta/registro.do?id=31231">https://bibliotecadigital.jcyl.es/es/consulta/registro.do?id=31231</a> |
| Nota pública | Biblioteca Digital de Castilla y León |
| Estatus retirado | Estado de pérdida | Estado de daño | No para préstamo | Colección | Biblioteca de origen | Biblioteca actual | Ubicación en estantería | Fecha de adquisición | Fuente de adquisición | Total de préstamos | Signatura topográfica completa | Código de barras | Visto por última vez | Precio de reemplazo | Tipo de ítem Koha |
|---|---|---|---|---|---|---|---|---|---|---|---|---|---|---|---|
| Colección digital | Biblioteca del Ateneo de Madrid | Biblioteca del Ateneo de Madrid | Sala Valle Inclán | 17/01/2008 | D-4134 | 901171742 | 23/02/2023 | 23/02/2023 | Libro impreso antiguo |
